[Event "LSS BI-2010-P-00031"]
[Site "LSS email"]
[Date "2010.04.19"]
[Round "?"]
[White "Cakars, John"]
[Black "Paetzold, Ortwin"]
[Result "1-0"]
[WhiteElo "1716"]
[BlackElo "1176"]
[PlyCount "61"]
[EventDate "2010.04.22"]
[EventType "tourn (corr)"]
[EventRounds "10"]
[EventCountry "GER"]
[SourceTitle "Telechess CBM 141"]
[Source "ChessBase"]
[SourceDate "2011.03.17"]
[SourceVersion "1"]
[SourceVersionDate "2011.03.17"]
[SourceQuality "1"]

1. e4 c5 2. Nf3 d6 3. d4 cxd4 4. Nxd4 Nf6 5. Nc3 a6 6. Bg5 e6 7. f4 Nc6 8. e5 dxe5 9. Nxc6 Qxd1+ 10. Rxd1 bxc6 11. fxe5 Nd5 12. Ne4 Be7 13. Bd2 0-0 14. Be2 Rb8 15. b3 Bb4 16. 0-0 Bxd2 17. Rxd2 Ne3 18. Re1 Bb7 19. Nc5 Bc8 20. Bxa6 Nd5 21. Bxc8 Rbxc8 22. c4 Nf4 23. a4 Ra8 24. b4 Rfb8 25. Rb1 Rd8 26. Rxd8+ Rxd8 27. b5 cxb5 28. cxb5 Rd2 29. b6 Ne2+ 30. Kf1 Nc3 31. b7 1-0

[Event "LSS BI-2010-P-00031"]
[Site "LSS email"]
[Date "2010.04.19"]
[Round "?"]
[White "Cakars, John"]
[Black "Stilman, Eduardo"]
[Result "1/2-1/2"]
[WhiteElo "1743"]
[BlackElo "2042"]
[PlyCount "40"]
[EventDate "2010.04.22"]
[EventType "tourn (corr)"]
[EventRounds "10"]
[EventCountry "GER"]
[SourceTitle "Telechess CBM 141"]
[Source "ChessBase"]
[SourceDate "2011.03.17"]
[SourceVersion "1"]
[SourceVersionDate "2011.03.17"]
[SourceQuality "1"]

1. e4 e5 2. Nf3 Nc6 3. d4 exd4 4. Nxd4 Bc5 5. Be3 Qf6 6. c3 Nge7 7. Bc4 Ne5 8. Be2 Qg6 9. 0-0 d6 10. f3 0-0 11. Nd2 d5 12. Kh1 dxe4 13. fxe4 Bb6 14. Bh5 Qd6 15. Bf4 Qf6 16. Bg3 Qg5 17. Bf4 Qf6 18. Be2 N7c6 19. Nxc6 bxc6 20. Qa4 Bd7 1/2-1/2

[Event "LSS BI-2010-P-00031"]
[Site "LSS email"]
[Date "2010.04.19"]
[Round "?"]
[White "Mason, Ian C"]
[Black "Cakars, John"]
[Result "1-0"]
[WhiteElo "2128"]
[BlackElo "1754"]
[PlyCount "101"]
[EventDate "2010.04.22"]
[EventType "tourn (corr)"]
[EventRounds "10"]
[EventCountry "GER"]
[SourceTitle "Telechess CBM 141"]
[Source "ChessBase"]
[SourceDate "2011.03.17"]
[SourceVersion "1"]
[SourceVersionDate "2011.03.17"]
[SourceQuality "1"]

1. d4 Nf6 2. c4 g6 3. Nc3 Bg7 4. e4 d6 5. f3 0-0 6. Be3 Nc6 7. Nge2 a6 8. Qd2 Rb8 9. Rc1 Bd7 10. Nd1 e6 11. Nf2 Re8 12. g3 b5 13. cxb5 axb5 14. Bg2 b4 15. b3 Rb5 16. 0-0 Qc8 17. Rc2 Qa6 18. Nf4 Ra8 19. N4d3 Qb7 20. Rfc1 h6 21. f4 Ra6 22. Ne5 Be8 23. Nxc6 Bxc6 24. Bf1 Kh7 25. g4 Rba5 26. f5 Ne8 27. Bxa6 Rxa6 28. g5 hxg5 29. fxe6 fxe6 30. d5 exd5 31. Nh3 Bb5 32. Nxg5+ Kg8 33. Qxd5+ Qxd5 34. exd5 Bd7 35. Ne6 c5 36. Rg2 Ra8 37. Nxg7 Kxg7 38. Bf4 Rd8 39. Re1 Bf5 40. Rge2 Nf6 41. Bg5 Rf8 42. Re7+ Kg8 43. Bxf6 Rxf6 44. h4 Bc2 45. Rd7 Kf8 46. Kg2 Bd3 47. Kg3 Bf5 48. Rc7 Rf7 49. Rxf7+ Kxf7 50. Kf4 Kf6 51. Re8 1-0

[Event "LSS BI-2010-P-00031"]
[Site "LSS email"]
[Date "2010.04.19"]
[Round "?"]
[White "Orsolic, Marijan"]
[Black "Cakars, John"]
[Result "1-0"]
[WhiteElo "2130"]
[BlackElo "1733"]
[PlyCount "55"]
[EventDate "2010.04.22"]
[EventType "tourn (corr)"]
[EventRounds "10"]
[EventCountry "GER"]
[SourceTitle "Telechess CBM 141"]
[Source "ChessBase"]
[SourceDate "2011.03.17"]
[SourceVersion "1"]
[SourceVersionDate "2011.03.17"]
[SourceQuality "1"]

1. Nf3 b6 2. e4 Bb7 3. Nc3 Nf6 4. e5 Nd5 5. Nxd5 Bxd5 6. c4 Bxf3 7. Qxf3 Nc6 8. e6 fxe6 9. d4 g6 10. Be3 Nb4 11. 0-0-0 Nxa2+ 12. Kb1 Nb4 13. h4 c6 14. h5 Bg7 15. hxg6 hxg6 16. Bd3 Nxd3 17. Rxh8+ Bxh8 18. Rh1 Bf6 19. Bg5 Nb4 20. Rh7 Qc7 21. Bxf6 0-0-0 22. Bxe7 d6 23. Qf7 Rd7 24. Qxe6 Kb7 25. b3 d5 26. Bd6 Rxh7 27. Bxc7 Kxc7 28. Qxg6 1-0

[Event "LSS BI-2009-F-00008"]
[Site "LSS email"]
[Date "2010.02.15"]
[Round "?"]
[White "Cakars, John"]
[Black "Hartnack, Robert"]
[Result "1/2-1/2"]
[WhiteElo "1754"]
[BlackElo "2008"]
[PlyCount "152"]
[EventDate "2010.02.17"]
[EventType "tourn (corr)"]
[EventRounds "10"]
[EventCountry "GER"]
[SourceTitle "Corr 2013"]
[Source "ChessBase"]
[SourceDate "2012.11.12"]
[SourceVersion "1"]
[SourceVersionDate "2012.11.12"]
[SourceQuality "1"]

1. e4 e5 2. Nf3 Nc6 3. d4 exd4 4. Nxd4 Bc5 5. Be3 Qf6 6. c3 Nge7 7. Bc4 Ne5 8. Be2 Qg6 9. 0-0 d6 10. f3 0-0 11. Nd2 d5 12. Qb3 Rd8 13. Rf2 Bb6 14. f4 N5c6 15. f5 Qf6 16. Nxc6 bxc6 17. Bxb6 axb6 18. Re1 Bb7 19. a3 Qh6 20. Bf1 Re8 21. Qd1 Rad8 22. e5 d4 23. cxd4 Rxd4 24. f6 Nd5 25. Bc4 Rf4 26. Rfe2 gxf6 27. Qc1 Rd4 28. Nf3 Qxc1 29. Rxc1 Rf4 30. b4 Re7 31. Bb3 Kf8 32. Ree1 fxe5 33. Rxe5 Rxf3 34. Bxd5 Rxa3 35. Rxe7 Kxe7 36. Bxc6 Bc8 37. Be4 f5 38. Bf3 Ra7 39. Kf2 Bd7 40. Kg3 Ke6 41. Rc4 Kf6 42. Rh4 Kg6 43. Rd4 Be6 44. Kf4 Kf6 45. b5 Ra2 46. Bc6 Rb2 47. Ra4 Rf2+ 48. Kg3 Ra2 49. Rd4 Kg5 50. Bd7 Bf7 51. Bc6 Ra3+ 52. Kf2 Be6 53. Bd7 Bb3 54. Bc6 Ra2+ 55. Kg3 Bf7 56. h4+ Kf6 57. Rd7 Ra7 58. Kf4 h6 59. Kf3 Be8 60. Rh7 Bf7 61. g3 Ra3+ 62. Kg2 Ra1 63. Kf2 Ra2+ 64. Kf3 Rc2 65. Rh8 Rc3+ 66. Kf4 Rc4+ 67. Kf3 Rb4 68. Rc8 Bh5+ 69. Ke3 Ke5 70. Rxc7 Rb3+ 71. Kf2 f4 72. gxf4+ Kxf4 73. Rh7 Rb2+ 74. Ke1 Re2+ 75. Kf1 Re6 76. Kf2 Rd6 1/2-1/2

[Event "LSS BI-2009-F-00008"]
[Site "LSS email"]
[Date "2010.02.15"]
[Round "?"]
[White "Cakars, John"]
[Black "Schubert, Steffen"]
[Result "1-0"]
[WhiteElo "1754"]
[BlackElo "1967"]
[PlyCount "43"]
[EventDate "2010.02.17"]
[EventType "tourn (corr)"]
[EventRounds "10"]
[EventCountry "GER"]
[SourceTitle "Telechess CBM 147"]
[Source "ChessBase"]
[SourceDate "2012.03.16"]
[SourceVersion "1"]
[SourceVersionDate "2012.03.16"]
[SourceQuality "1"]

1. e4 e5 2. Nf3 Nf6 3. Nc3 Nc6 4. d4 exd4 5. Nxd4 Bb4 6. Nxc6 bxc6 7. Bd3 0-0 8. 0-0 Re8 9. Qf3 Qe7 10. Bg5 Rb8 11. Rfe1 Qe5 12. Bf4 Qa5 13. e5 Bxc3 14. bxc3 Nd5 15. Qh3 g6 16. Bd2 Qc5 17. c4 Nb6 18. Be3 Qa5 19. Qh6 Re6 20. Bd2 Qa3 21. Rab1 d6 22. Rb3 1-0

[Event "LSS CP-2009-P-00079"]
[Site "LSS email"]
[Date "2009.09.27"]
[Round "?"]
[White "Baroin, Bernard"]
[Black "Cakars, John"]
[Result "1-0"]
[WhiteElo "2043"]
[BlackElo "1705"]
[PlyCount "61"]
[EventDate "2009.10.01"]
[EventType "tourn (corr)"]
[EventRounds "6"]
[EventCountry "GER"]
[SourceTitle "Telechess CBM 137"]
[Source "ChessBase"]
[SourceDate "2010.07.15"]
[SourceVersion "1"]
[SourceVersionDate "2010.07.15"]
[SourceQuality "1"]

1. e4 c5 2. Nf3 Nc6 3. d4 cxd4 4. Nxd4 e6 5. Nc3 a6 6. Be3 Qc7 7. Qd2 Nf6 8. f3 Bb4 9. a3 Be7 10. g4 h6 11. 0-0-0 b5 12. Bf4 e5 13. Nxc6 dxc6 14. Be3 a5 15. a4 Be6 16. axb5 Bb4 17. Qf2 a4 18. Bc5 Bxc3 19. bxc3 Qc8 20. bxc6 Qxc6 21. Rd6 Qb7 22. Rb6 Qc7 23. Bb4 a3 24. Bb5+ Bd7 25. Bc6 Bxc6 26. Qc5 a2 27. Kb2 Kd7 28. Rd1+ Nd5 29. Ka1 Ra4 30. Rxd5+ Bxd5 31. Qxd5+ 1-0

[Event "LSS CP-2009-P-00079"]
[Site "LSS email"]
[Date "2009.09.27"]
[Round "?"]
[White "Cakars, John"]
[Black "Isliyen, Mehmet"]
[Result "1-0"]
[WhiteElo "1754"]
[BlackElo "1038"]
[PlyCount "21"]
[EventDate "2009.10.01"]
[EventType "tourn (corr)"]
[EventRounds "6"]
[EventCountry "GER"]
[SourceTitle "Corr 2013"]
[Source "ChessBase"]
[SourceDate "2012.11.12"]
[SourceVersion "1"]
[SourceVersionDate "2012.11.12"]
[SourceQuality "1"]
[WhiteTeam "US of America"]
[BlackTeam "US of America"]
[WhiteTeamCountry "USA"]
[BlackTeamCountry "USA"]

1. e4 e5 2. Nf3 Nc6 3. d4 d5 4. exd5 Nb4 5. Nc3 Bf5 6. Bb5+ c6 7. dxc6 Nxc6 8. Nxe5 Qc7 9. Qf3 Bg6 10. Nxc6 bxc6 11. Bxc6+ 1-0

[Event "LSS CP-2009-P-00079"]
[Site "LSS email"]
[Date "2009.09.27"]
[Round "?"]
[White "Cakars, John"]
[Black "Lorenzo, Alfredo"]
[Result "0-1"]
[WhiteElo "1699"]
[BlackElo "1914"]
[PlyCount "90"]
[EventDate "2009.10.01"]
[EventType "tourn (corr)"]
[EventRounds "6"]
[EventCountry "GER"]
[SourceTitle "Corr 2013"]
[Source "ChessBase"]
[SourceDate "2012.11.12"]
[SourceVersion "1"]
[SourceVersionDate "2012.11.12"]
[SourceQuality "1"]
[WhiteTeam "US of America"]
[BlackTeam "US of America"]
[WhiteTeamCountry "USA"]
[BlackTeamCountry "USA"]

1. e4 d6 2. d4 Nf6 3. f3 e5 4. Ne2 Nbd7 5. c4 Be7 6. Nbc3 0-0 7. Be3 c6 8. Qd2 d5 9. cxd5 cxd5 10. exd5 exd4 11. Bxd4 Nb6 12. d6 Qxd6 13. Nf4 Bf5 14. 0-0-0 h6 15. g4 Bh7 16. h4 Rac8 17. g5 Nfd5 18. Nfxd5 Nxd5 19. Bd3 Bxd3 20. Qxd3 Nxc3 21. bxc3 Qc6 22. Rhg1 Rfd8 23. gxh6 Qxh6+ 24. Kb1 Bf6 25. Rge1 Bxd4 26. cxd4 Rd5 27. Re4 Qc6 28. Ka1 Rb5 29. Qd2 Rf5 30. Qe3 g6 31. Rb1 Qf6 32. Rb3 Rc2 33. a3 Qc6 34. Qd3 b6 35. Rg4 Kf8 36. Re4 Rh2 37. Qc3 Qd5 38. Re8+ Kg7 39. Re5 Rxe5 40. dxe5 Kh7 41. Rb2 Rh1+ 42. Rb1 Rxh4 43. Rb3 Rh3 44. Qe3 a5 45. e6 a4 0-1

[Event "LSS CP-2009-P-00079"]
[Site "LSS email"]
[Date "2009.09.27"]
[Round "?"]
[White "Cakars, John"]
[Black "Paetzold, Ortwin"]
[Result "1-0"]
[WhiteElo "1711"]
[BlackElo "1513"]
[PlyCount "49"]
[EventDate "2009.10.01"]
[EventType "tourn (corr)"]
[EventRounds "6"]
[EventCountry "GER"]
[SourceTitle "Telechess CBM 137"]
[Source "ChessBase"]
[SourceDate "2010.07.15"]
[SourceVersion "1"]
[SourceVersionDate "2010.07.15"]
[SourceQuality "1"]

1. e4 c5 2. Nf3 d6 3. d4 cxd4 4. Nxd4 Nf6 5. Nc3 a6 6. Bg5 e6 7. f4 Qb6 8. Qd2 Qxb2 9. Rb1 Qa3 10. f5 Nc6 11. fxe6 fxe6 12. Nxc6 bxc6 13. e5 dxe5 14. Rb3 Qa5 15. Bxf6 gxf6 16. Be2 Rg8 17. 0-0 f5 18. Bh5+ Ke7 19. Rd1 Qc5+ 20. Kh1 Qd4 21. Qe1 Qf4 22. Qg1 Kf6 23. Qb6 Be7 24. Be2 Rd8 25. Rxd8 1-0

[Event "LSS CP-2009-P-00079"]
[Site "LSS email"]
[Date "2009.09.27"]
[Round "?"]
[White "Lovakovic, Franjo"]
[Black "Cakars, John"]
[Result "1-0"]
[WhiteElo "2020"]
[BlackElo "1670"]
[PlyCount "39"]
[EventDate "2009.10.01"]
[EventType "tourn (corr)"]
[EventRounds "6"]
[EventCountry "GER"]
[SourceTitle "Telechess CBM 137"]
[Source "ChessBase"]
[SourceDate "2010.07.15"]
[SourceVersion "1"]
[SourceVersionDate "2010.07.15"]
[SourceQuality "1"]

1. e4 c5 2. Nf3 Nc6 3. d4 cxd4 4. Nxd4 e6 5. Nc3 a6 6. Nxc6 bxc6 7. Bd3 d5 8. 0-0 Nf6 9. Re1 Be7 10. e5 Nd7 11. Qg4 Bf8 12. b3 c5 13. Bg5 Qc7 14. Nxd5 exd5 15. e6 Nb6 16. Qh5 g6 17. exf7+ Kd7 18. Qf3 Kc6 19. Qf6+ Kb7 20. Re8 1-0

[Event "LSS BI-2009-P-00018"]
[Site "LSS email"]
[Date "2009.04.19"]
[Round "?"]
[White "Cakars, John"]
[Black "Babic, Slobodan"]
[Result "1/2-1/2"]
[WhiteElo "1550"]
[BlackElo "1635"]
[PlyCount "53"]
[EventDate "2009.04.20"]
[EventType "tourn (corr)"]
[EventRounds "10"]
[EventCountry "GER"]
[SourceTitle "Corr 2011"]
[Source "ChessBase"]
[SourceDate "2010.08.31"]
[SourceVersion "1"]
[SourceVersionDate "2010.08.31"]
[SourceQuality "1"]

1. e4 c5 2. Nf3 d6 3. d4 cxd4 4. Nxd4 Nf6 5. Nc3 a6 6. Bg5 e6 7. f4 Qb6 8. Qd2 Nc6 9. 0-0-0 Nxd4 10. Qxd4 Qxd4 11. Rxd4 Bd7 12. e5 h6 13. Bh4 g5 14. exf6 gxh4 15. f5 h3 16. Rh4 Bc6 17. Rxh3 Rg8 18. Rg3 Rxg3 19. hxg3 d5 20. fxe6 fxe6 21. Be2 Kf7 22. Rf1 Kg6 23. Bd3+ Kf7 24. Be2 Kg6 25. Bd3+ Kf7 26. Be2 Kg6 27. Bd3+ 1/2-1/2

[Event "LSS BI-2009-P-00018"]
[Site "LSS email"]
[Date "2009.04.19"]
[Round "?"]
[White "Cakars, John"]
[Black "Bouguern, Abd El Halim"]
[Result "1-0"]
[WhiteElo "1722"]
[BlackElo "1329"]
[PlyCount "63"]
[EventDate "2009.04.20"]
[EventType "tourn (corr)"]
[EventRounds "10"]
[EventCountry "GER"]
[SourceTitle "Corr 2011"]
[Source "ChessBase"]
[SourceDate "2010.08.31"]
[SourceVersion "1"]
[SourceVersionDate "2010.08.31"]
[SourceQuality "1"]

1. e4 c5 2. Nf3 e6 3. d4 cxd4 4. Nxd4 Nc6 5. Nc3 d6 6. Be3 Nf6 7. f3 Be7 8. Qd2 0-0 9. 0-0-0 a6 10. g4 Bd7 11. Kb1 Qc7 12. g5 Ne8 13. h4 Na5 14. Nf5 Nc6 15. Nxe7+ Nxe7 16. h5 Bc6 17. g6 fxg6 18. Bh3 Bd7 19. e5 d5 20. hxg6 Qxe5 21. gxh7+ Kh8 22. Bc5 Qf6 23. Ne4 Qf7 24. f4 Nc6 25. Ng5 Qf6 26. f5 Nc7 27. Bxf8 Rxf8 28. fxe6 Bxe6 29. Rdf1 Qd8 30. Bxe6 Nxe6 31. Nxe6 Rxf1+ 32. Rxf1 1-0

[Event "LSS BI-2009-P-00018"]
[Site "LSS email"]
[Date "2009.04.19"]
[Round "?"]
[White "Leonard, Mark"]
[Black "Cakars, John"]
[Result "1-0"]
[WhiteElo "2293"]
[BlackElo "1722"]
[PlyCount "55"]
[EventDate "2009.04.20"]
[EventType "tourn (corr)"]
[EventRounds "10"]
[EventCountry "GER"]
[SourceTitle "Corr 2011"]
[Source "ChessBase"]
[SourceDate "2010.08.31"]
[SourceVersion "1"]
[SourceVersionDate "2010.08.31"]
[SourceQuality "1"]

1. Nc3 c5 2. Nf3 Nc6 3. d4 cxd4 4. Nxd4 Nf6 5. Bg5 e6 6. Qd3 Qb6 7. 0-0-0 Be7 8. e4 Ng4 9. Bxe7 Nxf2 10. Qg3 Nxd1 11. Qxg7 Nxc3 12. Qxh8+ Kxe7 13. bxc3 Qc5 14. Be2 Nxd4 15. cxd4 Qa3+ 16. Kd1 Qxa2 17. Rf1 Qa1+ 18. Kd2 Qa5+ 19. Ke3 Qg5+ 20. Rf4 Qh6 21. e5 b6 22. Bf3 Rb8 23. c4 a5 24. d5 exd5 25. Bxd5 b5 26. Ke4 Qg6+ 27. Kd4 bxc4 28. Rxf7+ 1-0

[Event "LSS BI-2009-P-00018"]
[Site "LSS email"]
[Date "2009.04.19"]
[Round "?"]
[White "Siger, Imre Csaba"]
[Black "Cakars, John"]
[Result "1-0"]
[WhiteElo "2034"]
[BlackElo "1754"]
[PlyCount "53"]
[EventDate "2009.04.20"]
[EventType "tourn (corr)"]
[EventRounds "10"]
[EventCountry "GER"]
[SourceTitle "Telechess CBM 147"]
[Source "ChessBase"]
[SourceDate "2012.03.16"]
[SourceVersion "1"]
[SourceVersionDate "2012.03.16"]
[SourceQuality "1"]

1. Nf3 Nf6 2. c4 c5 3. Nc3 Nc6 4. d4 cxd4 5. Nxd4 e6 6. g3 Qb6 7. Ndb5 Ne5 8. Bg2 a6 9. Qa4 Neg4 10. 0-0 Rb8 11. b4 axb5 12. Nxb5 d5 13. Nd6+ Ke7 14. c5 Qa6 15. Qc2 Ne5 16. Bb2 Ned7 17. e4 Nxe4 18. Bxe4 dxe4 19. Qxe4 Ra8 20. Rfe1 h5 21. Rad1 Qc6 22. Qf4 f6 23. b5 Qxc5 24. Rxe6+ Kxe6 25. Qe4+ Ne5 26. Bxe5 Bxd6 27. Bxd6+ 1-0